000 00895cam a2200253 a 4500
008 210124s1969 fr b 001 0 fre d
040 _aEG-GiCUC
_bfre
_bEG-GiCUC
092 0 4 _a445
_bG838 1969
_221
099 _a04
_a445 G838 1969
100 1 _aGrevisse, Maurice.
245 1 3 _aLe bon usage
_bGrammaire franca̧ise avec des remarques sur la langue franca̧ise d'aujourd'hui /
_cMaurice Grevisse
250 _a9e e{u00B4}d revue.
260 _aGembloux :
_b J. Duculot;
_a Paris :
_b Libr. A. Hatier,
_c1969.
300 _a1228 p ;
_c21 cm.
504 _aIncludes bibliographical references (p. [9]-23) and index
650 0 _aFrench language
_xGrammar
650 0 _aFrench language
_xStudy and teaching.
650 0 _aFrench language
_xStyle.
902 _a1
905 _aAmro L.
_eCat
905 _aJihan
_eRev
942 _2ddc
_cBK
999 _c158794
_d158794